| 000 | 00837nam a2200241 a 4500 | ||
|---|---|---|---|
| 001 | 000022393 | ||
| 005 | 20200930011717.0 | ||
| 008 | 101007s2001 sp 001 0 spa d | ||
| 020 | _a8475065597 | ||
| 040 |
_aDO-SdBNP _bspa _cBNPHU |
||
| 082 |
_axxxx _bJ27f |
||
| 100 | 1 |
_aJames, Harold _946177 |
|
| 245 | 1 | 3 |
_aEl fin de la globalización : _blecciones de la gran depresión / _cHarold James ; traducción Eduardo Stupia. |
| 260 |
_aMadrid : _bOceano, _c2001. |
||
| 300 |
_a310 p. ; _c24 cm. |
||
| 490 | 1 | _aEconomía y finanzas | |
| 500 | _aIncluye índice analítico | ||
| 500 | _aIncluye datos biográficos del autor el chaleco de la cubierta | ||
| 504 | _aIncluye referencias bibliográficas y notas al pie de las páginas | ||
| 700 | 1 |
_aStupia, Eduardo, _etr. _99061 |
|
| 830 | 0 |
_aEconomía y finanzas _946178 |
|
| 049 | _aBNPD | ||
| 999 |
_c21891 _d21891 |
||